000 00907nam a2200289 i 4500
001 000034983
003 DO-SdBNP
005 20240610154633.0
007 ta
008 111024s1973 sp 000 f spa d
040 _aDO-SdBNP
_bspa
_cBNPHU
_erda
082 4 _aCu863.4
_bC297s, 1973
_222
100 1 _aCarpentier, Alejo,
_d1904-1980
_98634
_eautor
245 1 3 _aEl siglo de las luces /
_cAlejo Carpentier.
250 _atercera edición
264 _aBarcelona :
_bBarral,
_c1973.
300 _a353 páginas ;
_c19 cm.
336 _2rdacontent
_atexto
_btxt
337 _2rdamedia
_asin mediación
_bn
338 _2rdacarrier
_avolumen
_bnc
500 _aIncluye referencias bibliográficas y notas al pie de las páginas
590 _aInventariado, 2024/BT
650 4 _aNovela cubana
_92316
650 4 _aLiteratura cubana
_91483
910 _aValidado. Control de calidad MFF
942 _2ddc
_cLBS1
999 _c34474
_d34474